Trắc địa : Phần bài tập

Saved in:
Bibliographic Details
Main Author: Lê Hồng Ánh
Format: Book
Language:Vietnamese
Published: Khoa học và kỹ thuật 1996
Tags: Add Tag
No Tags, Be the first to tag this record!
Institutions: Mạng thư viện Đại học Đà Nẵng
LEADER 00633nam a2200253 4500
001 000021515
003 17963
005 20150422080450.0
008 150422s1996 viesd
020 |c 10000 
041 0 |a vie 
082 1 4 |a 526,9  |b LÊ-A 
100 1 |a Lê Hồng Ánh 
245 1 0 |a Trắc địa : Phần bài tập  |c Lê Hồng Ánh 
260 |b Khoa học và kỹ thuật  |c 1996 
300 |a tr.  |c cm. 
OWN |a LSP 
999 |a From the UDN01 
TYP |a Monograph 
TYP |a Printed language 
980 |a Mạng thư viện Đại học Đà Nẵng